The dawn of auroville 1964-1973 (Record no. 168978)

MARC details
000 -LEADER
fixed length control field 00472nam a2200169 4500
005 - DATE AND TIME OF LATEST TRANSACTION
control field 20191101130716.0
010 ## - LCCN (DPL NO)
LC control number ENG-126784
020 ## - INTERNATIONAL STANDARD BOOK NUMBER
International Standard Book Number 9789352101719
Terms of availability 850.00
035 ## - SYSTEM CONTROL NUMBER
System control number EN-110316
037 ## - SOURCE OF ACQUISITION
Source of stock number/acquisition DBAD/PUB
082 ## - DEWEY DECIMAL CLASSIFICATION NUMBER
Classification number 726.1
245 ## - TITLE STATEMENT
Title The dawn of auroville 1964-1973
260 ## - PUBLICATION, DISTRIBUTION, ETC. (IMPRINT)
Place of publication, distribution, etc Pondicherry
Name of publisher, distributor, etc Sri Aurobindo Ashram Publication
Date of publication, distribution, etc 2019
270 ## - ADDRESS
Address Pondicherry
Postal code 605002
300 ## - PHYSICAL DESCRIPTION
Extent 236p.
Dimensions 26cm(Hb)
Other physical details ill.
942 ## - ADDED ENTRY ELEMENTS (KOHA)
Source of classification or shelving scheme Dewey Decimal Classification
Item type English Books
Classification part 726.1
Call number suffix DAW
Holdings
Withdrawn status Lost status Not for loan Collection code Home library Current library Date acquired Source of acquisition Cost, normal purchase price Full call number Barcode Copy number Cost, replacement price Koha item type
      Non-fiction Sarojini Nagar Sarojini Nagar 01/11/2019 DBAD/PUB 850.00 726.1 DAW EN-110316 1 850.00 English Books

© Delhi Public Library
Hit Counter
free hit counter